| 000 | 02081nam0a2200421 4500 | ||
|---|---|---|---|
| 001 | RU\NLR\bibl\1795475 | ||
| 005 | 20260406000155.0 | ||
| 010 |
_a978-5-8044-1150-4 _9200 |
||
| 021 |
_aRU _b2011-51844 _93699 |
||
| 035 | _a(nilc)RSL-KNO-004970586 | ||
| 035 | _a(NLR Aleph) 001786162 | ||
| 090 |
_a1728461 _c1728461 |
||
| 100 | _a20110711d2011 |||y0rusy50 ca | ||
| 101 | 0 |
_arus _aeng |
|
| 102 | _aRU | ||
| 105 | _aa ||||||||| | ||
| 200 | 1 |
_aСтруктурно-функциональная организация сообществ мезопедобионтов юга Дальнего Востока России _dStructural and functional organization of mezopedobiont communities of the southern Russian Far East _fГ. Н. Ганин _gРоссийская акад. наук, Дальневосточное отд-ние, Ин-т водных и экологических проблем _zeng |
|
| 210 |
_aВладивосток _cДальнаука _d2011 |
||
| 215 |
_a379 с. _cил., цв. ил. _d22 |
||
| 300 | _aАвт. также на англ. яз.: G.N. Ganin | ||
| 300 | _aЧасть текста на англ. яз. | ||
| 320 | _aБиблиогр.: с. 284-309 | ||
| 510 | 1 |
_6z22790 _aStructural and functional organization of mezopedobiont communities of the southern Russian Far East _zeng |
|
| 606 | 1 |
_aПочвенные беспозвоночные лесов _yДальний Восток Российской Федерации _yЮг _92098204 _3RU\NLR\auth\661572797 |
|
| 686 |
_aЕ681.24,0 _2rubbk |
||
| 686 |
_aЕ681.895,0 _2rubbk |
||
| 686 |
_aЕ685.9(2Р55),0 _2rubbk |
||
| 686 | _aП032.50(2Р55,3) | ||
| 700 | 1 |
_4070 _7ca _8rus _aГанин _bГ. Н. _gГеннадий Николаевич _992675 _3RU\NLR\auth\77109750 |
|
| 790 | 1 |
_4070 _7ba _8rus _aGanin _bG. N. _gGennadij Nikolaevič _992676 _3RU\NLR\auth\77109751 |
|
| 801 | 0 |
_aRU _bRuMoRKP _c20110711 _grcr |
|
| 801 | 1 |
_aRU _bРГБ _c20110711 |
|
| 801 | 2 |
_aRU _bNLR _c20110804 _grcr |
|
| 942 | _cBOOK | ||
| 980 | _aNB | ||
| 980 | _aNBR | ||